000 01382nam0a22003131 4500
001 RU\INFOCOMM_322\NLR\5000256660
005 20260406110526.0
035 _a(NLR Aleph) 010600081
090 _a10533949
_c10533949
100 _a20130322d1981 |||y0rusy50 ca
101 0 _afre
102 _aRU
105 _ay z||||
200 1 _aPour une paix durable et des relations de bon voisinage
_eVisite de Léonide Brejnev en R.F.A., 22-25 nov. 1981
_eDoc. et comptes rendus
210 _aM.
_cÉd. de l'Agence de presse "Novosti"
_d1981
215 _a54 с., 4 л. ил., портр.
_cил., портр.
_d17 см
300 _aВ вып. дан.: В интересах прочного мира и добрососедства
607 _aСССР
_xВзаимоотношения с Федеративной Республикой Германии
_2nlr_sh1
607 _aФедеративная Республика Германии
_xВзаимоотношения с СССР
_2nlr_sh1
620 _aМосква
686 _aТ3(2)73-64(4Ф)
_2rubbk
686 _aТ3(4Ф)63-64(2)
_2rubbk
702 1 _4570
_8rus
_7ca
_aBrežnev
_bL. I.
_f1906-1982
_gLeonid Il'ič
_3RU\NLR\AUTH\77109814
_992739
790 1 _9z01702
_aBrejnev
_bL.
_gLéonide
_4245
801 1 _aRU
_bInfocomm
_c20130322
801 0 _aRU
_bINFOCOMM
_gPSBO
852 _aNLR
_jИр51 Д-2/513
942 _cBOOK
980 _aNB